Statistiken für Top 15 Länder mit Covid-19-Todesfällen - 20. Oktober 2021

Klicken Sie hier um das Quiz zu spielen!

Allgemein

  • Dieses Quiz wurde 18 mal gespielt
  • Das Durchschnittsergebnis liegt bei 15 aus 25

Antwortstatistiken

Land% Korrekt
Vereinigte Staaten
100%
Brasilien
94%
Deutschland
94%
Indien
94%
Italien
94%
Frankreich
88%
Vereinigtes Königreich
88%
Mexiko
82%
Russland
82%
Argentinien
65%
Peru
65%
Tschechien
65%
Kolumbien
59%
Südafrika
59%
Indonesien
53%
Iran
53%
Rumänien
41%
Bulgarien
29%
Slowakei
29%
Slowenien
29%
Ungarn
29%
Georgien
24%
Paraguay
24%
Bosnien und Herzegowina
12%
Nordmazedonien
12%

Verteilung der Resultate

Perzentil nach korrekt beantworteten Fragen

Anzahl Personen mit jedem Resultat

Ihre Resultats-Entwicklung

Sie haben dieses Quiz noch nicht gespielt